[Event "World Blitz Final"]
[Site "Astana KAZ"]
[Date "2012.07.09"]
[Round "10"]
[White "Morozevich,A"]
[Black "Bologan,V"]
[Result "1-0"]
[WhiteElo "2770"]
[BlackElo "2732"]

1.e4 d6 2.d4 Nf6 3.Nc3 c6 4.f4 Qa5 5.Bd2 e5 6.Nf3 exd4 7.Nd5 Qd8 8.Nxf6+ Qxf6
9.Bd3 Bg4 10.O-O Qd8 11.c3 d5 12.exd5 Be7 13.Qb3 Bxf3 14.Rxf3 Qb6 15.Be4 dxc3+
16.Qxb6 axb6 17.Bxc3 O-O 18.Re1 Rxa2 19.Bxh7+ Kxh7 20.Rxe7 cxd5 21.Rh3+ Kg6
22.Rg3+ Kf5 23.Rg5+ Kxf4 24.Bd2+  1-0

[Event "119th ch-SCO 2012"]
[Site "Glasgow SCO"]
[Date "2012.07.09"]
[Round "3.22"]
[White "Dunnington,A"]
[Black "Isherwood,P"]
[Result "1-0"]
[WhiteElo "2386"]
[BlackElo "2024"]

1.d4 d6 2.e4 Nf6 3.Nc3 e5 4.Nf3 Nbd7 5.Bc4 Be7 6.O-O O-O 7.a4 c6 8.Ba2 b6
9.Re1 a6 10.h3 Bb7 11.dxe5 dxe5 12.Nh4 g6 13.Bh6 Re8 14.Qf3 Bf8 15.Bg5 Bg7
16.Rad1 Qe7 17.Rxd7 Qxd7 18.Bxf6 Bxf6 19.Qxf6 Qe7 20.Qxe7 Rxe7 21.Rd1 Kg7
22.Rd6 Rc8 23.Nf3 f6 24.Nd2 Ba8 25.Kf1 Rb8 26.Ke2 Rc7 27.Nd1 b5 28.a5 Bb7
29.Ne3 Rf8 30.Be6 Kh8 31.Nb3 c5 32.Nd5  1-0

[Event "St. Pauli Open 2012"]
[Site "Hamburg GER"]
[Date "2012.07.09"]
[Round "3.20"]
[White "Engelbert,C"]
[Black "Preuss,F"]
[Result "1-0"]
[WhiteElo "2198"]
[BlackElo "2018"]

1.e4 d6 2.d4 Nf6 3.Nc3 e5 4.Nf3 Nbd7 5.Bc4 Be7 6.O-O O-O 7.Re1 c6 8.a4 b6
9.h3 a6 10.Ba2 Rb8 11.dxe5 dxe5 12.Bg5 Qc7 13.Nh4 g6 14.Bh6 Rd8 15.Qf3 Bf8
16.Bg5 Bg7 17.Rad1 Re8 18.Rxd7 Bxd7 19.Bxf6 Be6 20.Bxg7 Kxg7 21.Bxe6 Rxe6
22.Qe2 b5 23.axb5 axb5 24.Nf3 b4 25.Nd1 f6 26.Ne3 Rd6 27.Ra1 Rd7 28.Qc4 h5
29.Ra6 Rb6 30.Ra8 Rf7 31.b3 Qb7 32.Rd8 Qe7 33.Qd3 Rb7 34.Rd6 Rd7 35.Rxd7 Qxd7
36.Qxd7 Rxd7 37.Kf1 Kf7 38.Ke2 Ke6 39.Nc4 g5 40.Ne3 Rd8 41.Ne1 c5 42.Nd3 Rc8
43.Nc4 Rc7 44.Ne3 Rc8 45.g3 Rc7 46.Nb2 Rc8 47.Na4 Rc7 48.Kd3 h4 49.gxh4 gxh4
50.Kc4 Rg7 51.Nxc5+ Kf7 52.Nd5 Rg1 53.Nd3  1-0

[Event "11th La Fere Open"]
[Site "La Fere FRA"]
[Date "2012.07.09"]
[Round "4.1"]
[White "Godart,F"]
[Black "Degraeve,JM"]
[Result "1/2-1/2"]
[WhiteElo "2317"]
[BlackElo "2580"]

1.d4 d6 2.e4 Nf6 3.Nc3 e5 4.Nf3 Nbd7 5.Bc4 Be7 6.O-O O-O 7.Re1 a6 8.a4 b6
9.b3 Bb7 10.Bb2 h6 11.Qd2 Re8 12.Rad1 Bf8 13.dxe5 dxe5 14.Nd5 Bd6 15.h3 Nxd5
16.Bxd5 Bxd5 17.Qxd5 Qf6 18.Qc6 Nf8 19.Nd2 Ne6 20.Nc4 Bc5 21.Ne3 Qg5 22.Nd5 Nf4
23.Nxf4 Qxf4 24.Rf1 Rac8 25.Bc1 Qh4 26.Rd3 Red8 27.Be3 Rxd3 28.cxd3 Bxe3
29.fxe3 Qe7 30.Kh2 a5 31.Rf5 Rd8 32.Qc4 Rd7 33.Rf2 c5 34.Qa6 Qd6 35.Rd2 h5
36.Qc8+ Rd8 37.Qf5 g6 38.Qf1 Kg7 39.Qc1 Qf6 40.Kg1 Qh4 41.Rf2 Rxd3 42.Rxf7+ Kh6
43.Qf1 Rxe3 44.Qb5 Qg3 45.Rf1 Re1 46.Rxe1 Qxe1+ 47.Kh2 Qxe4 48.Qxb6 Qf4+
49.Kh1 e4 50.Qd8 h4 51.Qh8+ Kg5 52.Qd8+ Qf6 53.Qd2+ Kf5 54.Qxa5 Qa1+ 55.Kh2 Qe5+
56.Kh1 e3 57.Qe1 Qg3 58.Qc3 Ke6 59.Qc4+ Kd6 60.Qd3+ Kc7 61.Qc3 Kd6 62.Qd3+ Ke6
63.Qc4+ Kf6 64.Qxc5 Qe1+ 65.Kh2 Qd2 66.Qc6+ Kf7 67.Qc7+ Kg8 68.Qc8+ Kg7 69.Qc7+ Kf6
70.Qc6+ Ke5 71.Qc5+ Ke4 72.Qc4+ Qd4 73.Qe2 Qd3 74.Qg4+ Ke5 75.Qg5+ Kd4 76.Qf6+ Kc5
77.Qf8+ Kb6 78.Qb4+ Ka7 79.Qc5+ Kb7 80.Qe7+ Ka6 81.Qc7 Qxb3 82.Qc8+ Ka5 83.Qa8+ Kb4
84.Qe4+ Ka5 85.Qa8+ Kb4 86.Qe4+ Ka5  1/2-1/2

[Event "86th ch-ARG 2012"]
[Site "La Plata ARG"]
[Date "2012.07.09"]
[Round "8.33"]
[White "Coronel,N"]
[Black "Martinez,Luciana"]
[Result "1-0"]
[WhiteElo "1742"]
[BlackElo "1488"]

1.e4 d6 2.d4 Nf6 3.Nc3 c6 4.Bg5 Qc7 5.Qd2 e5 6.O-O-O Bg4 7.f3 Bh5 8.g4 Bg6
9.h4 h5 10.Bxf6 gxf6 11.g5 Nd7 12.Kb1 O-O-O 13.Nge2 c5 14.d5 f5 15.Bg2 f4
16.Nc1 Nb6 17.Nb5 Qe7 18.Nxa7+ Kb8 19.Nb5 Nc4 20.Qc3 Ne3 21.Bh3 Nxd1 22.Qa5 b6
23.Qxb6+ Qb7 24.Qxd8+  1-0

[Event "5th Int ch-Central Serbia 2012"]
[Site "Paracin SRB"]
[Date "2012.07.09"]
[Round "4.25"]
[White "Martic,Z"]
[Black "Thestrup,S"]
[Result "1/2-1/2"]
[WhiteElo "2356"]
[BlackElo "2036"]

1.d4 d6 2.e4 Nf6 3.Nc3 c6 4.Nf3 Bg4 5.Be2 Nbd7 6.O-O e5 7.Be3 Be7 8.a4 a5
9.Nd2 Bxe2 10.Qxe2 O-O 11.Rad1 Qc7 12.h3 d5 13.dxe5 Nxe4 14.Ndxe4 dxe4 15.Nxe4 Qxe5
16.Rxd7 Qxe4 17.Rxb7 Bc5 18.Re1 Bxe3 19.Qxe3 Qxc2 20.Qf3 Qxa4 21.Ree7 Qc4
22.Rbc7 Qe6 23.Qxc6 Qxc6  1/2-1/2

[Event "ch-NOR 2012"]
[Site "Sandefjord NOR"]
[Date "2012.07.09"]
[Round "4.6"]
[White "Thanke,B"]
[Black "Lie,Es"]
[Result "0-1"]
[WhiteElo "2176"]
[BlackElo "2455"]

1.d4 d6 2.e4 Nf6 3.Nc3 e5 4.dxe5 dxe5 5.Qxd8+ Kxd8 6.Bg5 Be6 7.O-O-O+ Kc8
8.Nf3 Nbd7 9.Bd3 h6 10.Bxf6 gxf6 11.Rhf1 Bb4 12.Nd5 Bc5 13.a3 a5 14.Nh4 c6
15.Ne3 Bxe3+ 16.fxe3 Kd8 17.Nf5 Bxf5 18.Rxf5 Ke7 19.Rh5 Rag8 20.Rd2 Rg4 21.Rf2 Nc5
22.Rhf5 Rg6 23.g3 h5 24.b4 axb4 25.axb4 Ne6 26.h4 Ng7 27.R5f3 Ne8 28.c4 Nc7
29.Ra2 Na6 30.Ra4 Rd8 31.Bc2 Rdg8 32.Kd2 Rxg3 33.Rxg3 Rxg3 34.Bd1 Rg2+ 35.Kc3 Rh2
36.Bxh5 Rxh4 37.Be2 Rxe4 38.Kd3 Rh4 39.Kc3 f5 40.c5 Nxc5  0-1

[Event "St. Pauli Open 2012"]
[Site "Hamburg GER"]
[Date "2012.07.10"]
[Round "4.2"]
[White "Huschenbeth,N"]
[Black "Cuenca Jimenez,J"]
[Result "1/2-1/2"]
[WhiteElo "2521"]
[BlackElo "2477"]

1.e4 d6 2.d4 Nf6 3.Nc3 e5 4.Nf3 Nbd7 5.Bc4 Be7 6.O-O O-O 7.Re1 c6 8.a4 b6
9.Ba2 a6 10.h3 Rb8 11.Be3 b5 12.axb5 axb5 13.b4 Qc7 14.Bb3 c5 15.bxc5 dxc5
16.dxe5 Nxe5 17.Nxe5 Qxe5 18.Qd2 Qd6 19.Nd5 Nxd5 20.Bxd5 Qg6 21.Kh1 Bb7 22.Bf4 Rbd8
23.Rad1 Bxd5 24.exd5 Bd6 25.Bxd6 Qxd6 26.Qa5 Rb8 27.Kg1 h6 28.Re3 b4 29.Qa2 Rfe8
30.Rxe8+ Rxe8 31.Qc4 Rd8 32.g3 Kf8 33.h4 Kg8 34.Kg2 Kf8 35.Kg1 Kg8 36.Kg2 Kf8
37.Qe4 Qg6 38.Qc4  1/2-1/2

[Event "22nd HOF Open 2012"]
[Site "Jyvaskyla FIN"]
[Date "2012.07.10"]
[Round "3"]
[White "Hintikka,E"]
[Black "Kiik,K"]
[Result "0-1"]
[WhiteElo "2087"]
[BlackElo "2395"]

1.e4 d6 2.d4 Nf6 3.Nc3 e5 4.Nf3 Nbd7 5.h3 Be7 6.Be3 c6 7.Be2 O-O 8.Qd2 b5
9.a3 Bb7 10.dxe5 dxe5 11.Nh2 a5 12.f3 Qc7 13.Bd3 Nh5 14.Ne2 Rad8 15.Ng4 Nc5
16.Bxc5 Bxc5 17.Qg5 g6 18.Qxe5 Qxe5 19.Nxe5 f5 20.g4 fxe4 21.fxe4 Bf2+ 22.Kd2 Ng3
23.Rh2 Nxe4+ 24.Kc1 Be3+ 25.Kb1 Nd2+ 26.Ka2 Rd5 27.Nxg6 hxg6 28.Bxg6 Bc8
29.Rg2 Be6 30.b3 a4 31.Nc3 Rc5 32.Nd1 axb3+ 33.Kb2 Bf4 34.c3 Nc4+ 35.Kxb3 Ne3+
36.Kb4 Rc4+  0-1

[Event "5th Int ch-Central Serbia 2012"]
[Site "Paracin SRB"]
[Date "2012.07.10"]
[Round "5.26"]
[White "Andrijevic,M"]
[Black "Ratkovic,Milov"]
[Result "1-0"]
[WhiteElo "2345"]
[BlackElo "2214"]

1.e4 d6 2.d4 Nf6 3.Nc3 c6 4.Nf3 Bg4 5.h3 Bh5 6.Bd3 e6 7.Ne2 d5 8.e5 Nfd7
9.Nf4 Bg6 10.Nxg6 hxg6 11.O-O Be7 12.Be3 O-O 13.Qd2 c5 14.c4 dxc4 15.Bxc4 cxd4
16.Qxd4 Nc6 17.Qe4 Qc7 18.Bf4 Rad8 19.a3 Nc5 20.Qe3 Qb6 21.b4 Nd3 22.Qxb6 axb6
23.Bg3 Nd4 24.Rfd1 Nxf3+ 25.gxf3 Nb2 26.Rxd8 Rxd8 27.Be2 Rd2 28.Kf1 Rc2 29.Bf4 f6
30.Rc1 Rxc1+ 31.Bxc1 Na4 32.Bd2 b5 33.Bxb5 Nb6 34.f4 Kf7 35.Ke2 g5 36.fxg5 fxg5
37.Kf3 Bd8 38.Ke4 Kg6 39.Be8+ Kh6 40.h4 Nc4 41.Bc1 g6 42.hxg5+ Bxg5 43.f4 Be7
44.f5+ Bg5 45.Bxg5+ Kxg5 46.fxe6 Nb6 47.Bd7  1-0

[Event "87th ch-Paris IdF Open"]
[Site "Paris FRA"]
[Date "2012.07.10"]
[Round "4.5"]
[White "Ducarmon,Q"]
[Black "Strikovic,A"]
[Result "1/2-1/2"]
[WhiteElo "2382"]
[BlackElo "2559"]

1.e4 d6 2.d4 Nf6 3.Nc3 e5 4.Nf3 Nbd7 5.Bc4 Be7 6.O-O Nb6 7.Be2 exd4 8.Nxd4 O-O
9.a4 a5 10.f4 c6 11.Bf3 Re8 12.b3 Bf8 13.Bb2 g6 14.h3 Nbd7 15.Qd2 Nc5 16.Rae1 Bg7
17.Kh1 Qb6 18.Qf2 Ne6 19.Nxe6 Qxf2 20.Rxf2 Bxe6 21.Rd1 d5 22.exd5 Nxd5 23.Nxd5 Bxd5
24.Bxg7 Bxf3 25.Rxf3 Kxg7 26.Rd7 Rab8 27.Rfd3  1/2-1/2

[Event "Int Open ch-SVK 2012"]
[Site "Banska Stiavnica SVK"]
[Date "2012.07.11"]
[Round "5.6"]
[White "Bokros,A"]
[Black "Jurcik,Mart"]
[Result "1-0"]
[WhiteElo "2454"]
[BlackElo "2389"]

1.e4 d6 2.d4 Nf6 3.Nc3 e5 4.Nf3 Nbd7 5.Bc4 Be7 6.O-O O-O 7.Re1 c6 8.a4 a5
9.h3 Nb6 10.Ba2 Nfd7 11.Be3 exd4 12.Qxd4 Nc5 13.Rad1 Re8 14.Re2 h6 15.Red2 Bd7
16.Ne2 Bf8 17.Ng3 Nbxa4 18.Bf4 Qe7 19.Re1 Be6 20.c4 Rad8 21.Nh5 Bc8 22.Bg3 Ne6
23.Qe3 Ng5 24.Nxg5 Qxg5 25.Nf4 Nc5 26.Bb1 g6 27.h4 Qf6 28.Ne2 Be6 29.b3 Bf5
30.f3 Bc8 31.Bc2 h5 32.Red1 Kh7 33.Bf4 Ne6 34.Bg3 Bh6 35.f4 Nc5 36.e5 Qe7
37.Qf2 d5 38.cxd5 cxd5 39.Rxd5 Rxd5 40.Rxd5 b6 41.f5 Bb7 42.Nc3 Kh8 43.Rd1 Rd8
44.Rxd8+ Qxd8 45.fxg6 fxg6 46.Qf7 Qd4+ 47.Kh2 Qd2 48.Qe8+ Kg7 49.Qxg6+ Kf8
50.Ne4 Bg7 51.Nxd2  1-0

[Event "35th Barbera Open A"]
[Site "Barbera del Valles ESP"]
[Date "2012.07.11"]
[Round "8.16"]
[White "Navarro Lopez Menchero,D"]
[Black "Gomez Ledo,R"]
[Result "1/2-1/2"]
[WhiteElo "2230"]
[BlackElo "2428"]

1.e4 d6 2.d4 Nf6 3.Nc3 e5 4.Nf3 Nbd7 5.Bc4 Be7 6.O-O O-O 7.a4 c6 8.Qe2 a5
9.Rd1 Qc7 10.Bg5 exd4 11.Nxd4 Nc5 12.Re1 Ne8 13.Qh5 Bxg5 14.Qxg5 Be6 15.Bxe6 Nxe6
16.Qd2 Nxd4 17.Qxd4 Nf6 18.Ne2 d5 19.e5 Nd7 20.Ng3 g6 21.Re3 Rae8 22.Rae1 Re6
23.f4 Rfe8 24.c4 Qb6 25.Qxb6 Nxb6 26.cxd5 Nxd5 27.Re4 Nb4 28.h3 h5 29.Nh1 Kg7
30.Ng3 Kg8  1/2-1/2

[Event "Werner-Ott-Open 2012"]
[Site "Berlin GER"]
[Date "2012.07.11"]
[Round "5.15"]
[White "Heerde,Thomas"]
[Black "Lehmann,Kl"]
[Result "0-1"]
[WhiteElo "1886"]
[BlackElo "2348"]

1.e4 d6 2.d4 Nf6 3.Nc3 e5 4.Nf3 Nbd7 5.Bc4 Be7 6.h3 O-O 7.Be3 c6 8.Bb3 b5
9.a3 a6 10.Qd2 Bb7 11.Rd1 exd4 12.Bxd4 c5 13.Bxf6 Nxf6 14.Bd5 Bxd5 15.exd5 Nd7
16.Ne4 Bf6 17.Nxf6+ Qxf6 18.c3 Rfe8+ 19.Kf1 Nb6 20.b3 Re7 21.Qg5 Qxg5 22.Nxg5 Re5
23.f4 Rxd5 24.Kf2 Rxd1 25.Rxd1 d5 26.Re1 h6 27.Nf3 Kf8 28.Ne5 Rc8 29.g4 c4
30.b4 d4 31.cxd4 c3 32.Rc1 Ke7 33.Ke2 f6 34.Nd3 Nd5 35.f5 Rc4 36.Nc5 Rxd4
37.Rc2 h5 38.Ne6 Rc4 39.Nxg7 hxg4 40.hxg4 Rxg4 41.Ne6 a5 42.bxa5 Ra4 43.a6 Kd6
44.Kd3 Rxa3 45.Rh2 c2+ 46.Kd2 Ra1 47.Kxc2 Ra2+ 48.Kb3 Rxh2  0-1

[Event "4th Rethymno Open"]
[Site "Rethymno GRE"]
[Date "2012.07.11"]
[Round "6.26"]
[White "Le Huec,M1"]
[Black "Amarger,V"]
[Result "1-0"]
[WhiteElo "2274"]
[BlackElo "2093"]

1.d4 d6 2.e4 Nf6 3.Nc3 e5 4.Nf3 Nbd7 5.g4 Nxg4 6.Rg1 Ngf6 7.Bc4 h6 8.Be3 c6
9.dxe5 dxe5 10.Qd3 Nh5 11.Bxf7+ Kxf7 12.Nxe5+ Nxe5 13.Qxd8 Nf3+ 14.Kd1 Nxg1
15.Kc1 Nh3 16.f4 Bc5 17.Qc7+ Be7 18.Bc5 Re8 19.f5 Kf8 20.Bxe7+ Rxe7 21.Qd8+ Kf7
22.b3 Nf6 23.Qd4 Ng5 24.e5 Nfh7 25.Qf4 Kg8 26.h4 Nf7 27.e6 Bxe6 28.fxe6 Rxe6
29.Qc7 Nd6 30.Kb2 Rc8 31.Qa5 a6 32.Rd1 Nf6 33.Na4 Nfe4 34.c4 c5 35.Nc3 Rce8
36.Nxe4 Nxe4 37.Rd7 R8e7 38.Qc7 Kf7 39.Qxb7 Rxd7 40.Qxd7+ Kf6 41.h5 Re5 42.Qg4 Re6
43.Qg6+ Ke5 44.Qxg7+ Kf4 45.Ka3 Ke3 46.Ka4 Kd3 47.Qd7+ Rd6 48.Qf5 Kd4 49.Ka5 Ke3
50.a3 Kd4 51.b4 cxb4 52.axb4 Rf6 53.Qd5+ Ke3 54.c5 Kf4 55.Qc4 Ke5 56.c6 Nd6
57.Qc5+ Ke6 58.Kxa6  1-0

[Event "FSIM July 2012"]
[Site "Budapest HUN"]
[Date "2012.07.12"]
[Round "6.2"]
[White "Xu,Yi"]
[Black "To,N"]
[Result "1-0"]
[WhiteElo "2165"]
[BlackElo "2305"]

1.e4 d6 2.d4 Nf6 3.Nc3 e5 4.Nf3 Nbd7 5.Bc4 Be7 6.O-O O-O 7.h3 c6 8.a4 Nxe4
9.Nxe4 d5 10.Nc3 dxc4 11.dxe5 Qa5 12.Qe2 Nb6 13.Ne4 Bf5 14.Ng3 Be6 15.Nd4 Qd5
16.Rd1 Rad8 17.Bf4 Qd7 18.Ne4 Bd5 19.a5 Na8 20.Nd6 Nc7 21.N4f5 Bxd6 22.Nxd6 Ne6
23.Bg3 f6 24.b3 fxe5 25.Qxe5 cxb3 26.c4 b2 27.Qxb2 Nf4 28.Bxf4 Rxf4 29.Nxb7 Rb8
30.cxd5 Rxb7 31.Qe5 Rf8 32.dxc6 Qxc6 33.Rac1 Qf6 34.Qd5+ Qf7 35.Qd4 Rb5 36.Rc5 Rxc5
37.Qxc5 h6 38.Re1 Rd8 39.Qe7  1-0

[Event "119th ch-SCO 2012"]
[Site "Glasgow SCO"]
[Date "2012.07.12"]
[Round "6.5"]
[White "Hebden,M"]
[Black "Greet,A"]
[Result "1-0"]
[WhiteElo "2525"]
[BlackElo "2440"]

1.d4 d6 2.e4 Nf6 3.Nc3 e5 4.Nf3 Nbd7 5.Bc4 Be7 6.O-O O-O 7.Re1 c6 8.a4 a5
9.Ba2 exd4 10.Nxd4 Nc5 11.Bf4 Qb6 12.e5 dxe5 13.Bxe5 Be6 14.Qf3 Rae8 15.Nxe6 fxe6
16.Qe3 Nd5 17.Nxd5 exd5 18.Bd4 Bd6 19.Qxe8 Rxe8 20.Rxe8+ Kf7 21.Re3 Qb4 22.Bc3 Qb6
23.Rae1 Nd7 24.Rf3+ Nf6 25.Bxf6 gxf6 26.Rb3 Qc7 27.Rh3 Qb6 28.Rb3 Qc7 29.c4 Bxh2+
30.Kf1 Be5 31.cxd5 cxd5 32.Rb5 Kg7 33.Bxd5 b6 34.g3 Bd4 35.Re2 Qc1+ 36.Kg2 Bc5
37.Rb3 Qd1 38.Bc4 Qd4 39.Bb5 Qd5+ 40.Rf3 h5 41.Bd3 Bd6 42.Bf5 h4 43.gxh4 Qd4
44.Re4 Qxb2 45.Rg4+ Kf8 46.h5 Qc1 47.Rg6 Bf4 48.Rxf6+ Ke7 49.Re6+ Kf8 50.Be4 Kg7
51.h6+ Bxh6 52.Rg6+  1-0

[Event "5th Int ch-Central Serbia 2012"]
[Site "Paracin SRB"]
[Date "2012.07.12"]
[Round "8.35"]
[White "Matsenko,A"]
[Black "Thestrup,S"]
[Result "1-0"]
[WhiteElo "2163"]
[BlackElo "2036"]

1.e4 d6 2.d4 Nf6 3.Nc3 c6 4.f4 Qa5 5.Bd3 e5 6.Nf3 exd4 7.Nxd4 Qb6 8.Nb3 a5
9.Qf3 a4 10.Nd2 d5 11.exd5 cxd5 12.Nxd5 Qe6+ 13.Ne3 Bc5 14.Ne4 Nxe4 15.Bxe4 O-O
16.Bxh7+ Kxh7 17.Qh5+ Kg8 18.Qxc5 Nc6 19.c3 Ra5 20.Qc4 b5 21.Qxe6 Bxe6 22.O-O Rd8
23.f5 Bc8 24.Nc2 Ne5 25.Bf4 Re8 26.Bxe5 Rxe5 27.Nd4 Ra6 28.Rae1 Rxe1 29.Rxe1 Bd7
30.Kf2 f6 31.g4 Kf7 32.Kg3 Rd6 33.a3 Rd5 34.Kf4 g5+ 35.fxg6+ Kxg6 36.Re7 Kh6
37.h4 Kg6 38.h5+ Kh6 39.Rf7 Rd6 40.Nf5+  1-0

[Event "87th ch-Paris IdF Open"]
[Site "Paris FRA"]
[Date "2012.07.12"]
[Round "6.2"]
[White "Zhou,Y"]
[Black "Strikovic,A"]
[Result "0-1"]
[WhiteElo "2427"]
[BlackElo "2559"]

1.e4 d6 2.d4 Nf6 3.Nc3 e5 4.Nf3 Nbd7 5.g3 Be7 6.Bg2 O-O 7.O-O c6 8.a4 b6
9.h3 a6 10.Nh4 g6 11.Bh6 Re8 12.Qd2 Nh5 13.Nf3 Bb7 14.Rfd1 Nhf6 15.dxe5 dxe5
16.g4 Bc8 17.Qe2 Qc7 18.Qc4 Nc5 19.Ng5 Be6 20.Qe2 a5 21.Rd2 Rad8 22.Rad1 Rxd2
23.Rxd2 Bf8 24.Bxf8 Kxf8 25.f4 exf4 26.e5 Bc8 27.Rd6 Qxd6 28.exd6 Rxe2 29.Nxe2 h6
30.Nf3 Nfe4 31.Nxf4 Nxd6 32.b3 g5 33.Ne2 Ne6 34.Ne5 c5 35.Nc3 Nf4 36.Nb5 Nxb5
37.axb5 Be6 38.Bf1 Ke7 39.Kh2 Kd6 40.Nf3 Kd5 41.Kg3 Ke4 42.Kf2 f5 43.gxf5 Bxf5
44.h4 gxh4 45.Nxh4 Bg4 46.Bc4 h5 47.Bf7 Kd4 48.Nf3+ Bxf3 49.Kxf3 Nd5 50.Bxh5 Kc3
51.Bf7 Nb4 52.Ke4 Nxc2 53.Kd5 Nd4 54.Kd6 Kb4 55.Kc7 Nxb5+ 56.Kxb6 Nd4  0-1

[Event "32nd Benasque Open"]
[Site "Benasque ESP"]
[Date "2012.07.13"]
[Round "9.2"]
[White "Jones,G"]
[Black "Garza Marco,S"]
[Result "1-0"]
[WhiteElo "2655"]
[BlackElo "2410"]

1.e4 d6 2.d4 Nf6 3.Nc3 e5 4.Nf3 exd4 5.Nxd4 Be7 6.g3 Nc6 7.Bg2 O-O 8.h3 Nxd4
9.Qxd4 Be6 10.O-O Nd7 11.Nd5 Bxd5 12.Qxd5 c6 13.Qd1 Re8 14.Be3 Qc7 15.Re1 Bf6
16.c3 Rad8 17.Qc2 a5 18.Rad1 Nc5 19.f4 Be7 20.Qf2 Nd7 21.g4 Bf8 22.g5 b5
23.h4 b4 24.h5 bxc3 25.bxc3 Rb8 26.Bf3 Rb5 27.Bd4 c5 28.Qe2 Reb8 29.c4 Rb4
30.Bc3 Nb6 31.Bxb4 cxb4 32.g6 hxg6 33.hxg6 fxg6 34.e5 Re8 35.Qd3 dxe5 36.Bd5+ Nxd5
37.Qxd5+ Qf7 38.fxe5 Re6 39.Rf1 Qe8 40.c5 g5 41.c6 Kh7  1-0

[Event "ch-SUI Hauptturnier 1 2012"]
[Site "Flims SUI"]
[Date "2012.07.13"]
[Round "2"]
[White "Cherniaev,A1"]
[Black "Paleologu,V"]
[Result "1-0"]
[WhiteElo "2484"]
[BlackElo "2172"]

1.e4 d6 2.d4 Nf6 3.Nc3 Nbd7 4.g4 h6 5.h3 e5 6.Nge2 c6 7.Bg2 Be7 8.Ng3 Nf8
9.Nf5 Bxf5 10.exf5 N8d7 11.dxe5 dxe5 12.O-O Qc7 13.Qe2 O-O-O 14.Qc4 Rhf8
15.b4 Nb6 16.Qb3 Rd4 17.a3 h5 18.g5 Nh7 19.Ne4 f6 20.Be3 Rd7 21.g6 Ng5 22.Nc5 h4
23.Nxd7 Qxd7 24.Bxg5 fxg5 25.Be4 g4 26.Rad1 Qe8 27.hxg4 Bg5 28.Rd6 Bf4 29.Rfd1 Qe7
30.Kh1 h3 31.b5 Qh4 32.Qe6+ Kb8 33.bxc6 a6 34.c7+  1-0

[Event "119th ch-SCO 2012"]
[Site "Glasgow SCO"]
[Date "2012.07.13"]
[Round "7.23"]
[White "Brunello,R"]
[Black "Green,An"]
[Result "0-1"]
[WhiteElo "1982"]
[BlackElo "2144"]

1.e4 d6 2.d4 Nf6 3.Nc3 e5 4.Nf3 Nbd7 5.Bc4 Be7 6.O-O O-O 7.h3 c6 8.a4 b6
9.Re1 a6 10.b3 Bb7 11.Bf1 Re8 12.Bb2 Qc7 13.Qd3 Bf8 14.Rad1 b5 15.axb5 axb5
16.Qd2 b4 17.Na4 exd4 18.Nxd4 Rxe4 19.Qxb4 c5 20.Nb5 Qc6 21.Qd2 d5 22.Nbc3 Rd4
23.Qc1 Rxd1 24.Nxd1 d4 25.c3 Qd5 26.cxd4 cxd4 27.Qc4 Qa5 28.Re2 Ba6 29.Qxd4 Bxe2
30.Bxe2 Rb8 31.Bc3 Bb4 32.Bb2 Re8 33.Ne3 h6 34.Bf3 Ne5 35.Bd5 Nxd5 36.Nxd5 Bf8
37.Bc3 Qd8 38.b4 Qg5 39.Kh2 Nc6 40.Qc4 Ne5 41.Qe4 Ng4+ 42.Qxg4 Qxd5 43.Nb6 Qd6+  0-1

[Event "Turkish Bank Chess League 2012"]
[Site "Konya TUR"]
[Date "2012.07.13"]
[Round "3"]
[White "Sanal,V"]
[Black "Gundogan,C"]
[Result "1-0"]
[WhiteElo "2332"]
[BlackElo "1966"]

1.e4 d6 2.d4 Nf6 3.Nc3 c6 4.g3 e5 5.Bg2 Be7 6.Nge2 h5 7.h3 Bd7 8.Be3 Qc8
9.Qd2 b5 10.f4 b4 11.Nd1 O-O 12.Qxb4 c5 13.dxc5 dxc5 14.Qc4 Nc6 15.fxe5 Nxe5
16.Qc3 Bd6 17.Nf2 Qa6 18.Nd3 Rfe8 19.Bf4 Bb5 20.Rd1 Bxd3 21.cxd3 Qxa2 22.Nc1 Qa4
23.O-O Qd4+ 24.Kh1 Rab8 25.Ne2 Qxc3 26.bxc3 Rb2 27.Nc1 Bb8 28.d4 cxd4 29.cxd4 Ng6
30.e5 Nd7 31.Nd3 Rc2 32.Bd5 Nb6 33.Bb3 Rc3 34.Bxf7+ Kxf7 35.Bd2+ Kg8 36.Bxc3 h4
37.gxh4 Nd5 38.Bd2 Nxh4 39.Nb4 Ne7 40.Bg5 Nhf5 41.Kg2 a5 42.Na6  1-0

[Event "2nd Polugaevsky Mem"]
[Site "Samara RUS"]
[Date "2012.07.13"]
[Round "9.32"]
[White "Litvinov,Maxim"]
[Black "Popov,Alexey1"]
[Result "0-1"]
[WhiteElo "1947"]
[BlackElo "2229"]

1.e4 d6 2.d4 Nf6 3.Nc3 e5 4.dxe5 dxe5 5.Qxd8+ Kxd8 6.Bg5 c6 7.O-O-O+ Nd7
8.Bc4 Ke8 9.f3 h6 10.Be3 Bc5 11.Bxc5 Nxc5 12.Nge2 b5 13.b4 Na6 14.Bb3 Nxb4
15.Rd6 Ke7 16.Rhd1 Ne8 17.Rd8 a5 18.a3 Na6 19.f4 Nc5 20.fxe5 Bb7 21.Rxa8 Bxa8
22.Nd4 g6 23.Rf1 Rf8 24.Kd2 f6 25.exf6+ Nxf6 26.e5 Nfe4+ 27.Nxe4 Nxb3+ 28.cxb3 Rxf1
29.g3 Ra1 30.Nc2 Rh1 31.h4 Ke6 32.Nc5+ Kxe5 33.Ne1 Kf5 34.Ned3 Rg1 35.Nd7 Rg2+  0-1

[Event "2nd Science Park Open A"]
[Site "Amsterdam NED"]
[Date "2012.07.14"]
[Round "1"]
[White "Farrand,J"]
[Black "Plukkel,S"]
[Result "0-1"]
[WhiteElo "2116"]
[BlackElo "2274"]

1.d4 Nf6 2.Nc3 d6 3.e4 Nbd7 4.f4 e5 5.Nf3 exd4 6.Qxd4 c6 7.Bd2 d5 8.exd5 Bc5
9.Qd3 Qe7+ 10.Be2 O-O 11.O-O-O cxd5 12.Rhe1 Bf2 13.Rf1 Nc5 14.Qb5 a6 15.Qa5 b6
16.Qa3 d4 17.Rxf2 dxc3 18.Qxc3 Nce4 19.Qd4 Rd8 20.Qxb6 Nd5 21.Bb4 Nxb6 22.Bxe7 Rxd1+
23.Bxd1 Nxf2 24.Bc5 Nxd1 25.Bxb6 Nxb2  0-1

[Event "ch-SUI Hauptturnier 1 2012"]
[Site "Flims SUI"]
[Date "2012.07.14"]
[Round "3"]
[White "Illijin,N"]
[Black "Gara,A"]
[Result "1/2-1/2"]
[WhiteElo "2185"]
[BlackElo "2312"]

1.e4 d6 2.d4 Nf6 3.Nc3 Nbd7 4.Nf3 e5 5.h3 Be7 6.Be3 O-O 7.Be2 c6 8.O-O Qc7
9.a4 Re8 10.a5 exd4 11.Qxd4 d5 12.exd5 Bc5 13.Qf4 Qxf4 14.Bxf4 Nxd5 15.Nxd5 cxd5
16.Rfe1 Nf6 17.Bd3 Ne4 18.Be3 Bd7 19.Bxe4 dxe4 20.Bxc5 exf3 21.gxf3 a6 22.h4 f6
23.c3 Bc6 24.Kg2 Rad8 25.Bd4 Kf7 26.Kg3 Rd5 27.Rxe8 Kxe8 28.Re1+ Kf7 29.b4 g5
30.f4 gxh4+ 31.Kxh4 Bd7 32.f3 Be6 33.Re2 Rf5 34.Kg3 Rh5 35.Rh2  1/2-1/2

[Event "ch-SUI Hauptturnier 1 2012"]
[Site "Flims SUI"]
[Date "2012.07.14"]
[Round "3"]
[White "Lienhard,A"]
[Black "Kappeler,K"]
[Result "1-0"]
[WhiteElo "2099"]
[BlackElo "2297"]

1.e4 d6 2.d4 Nf6 3.Nc3 e5 4.dxe5 dxe5 5.Qxd8+ Kxd8 6.Nf3 Bd6 7.Bg5 h6 8.Bh4 a6
9.O-O-O Nd7 10.a4 Ke8 11.Nd2 Bb4 12.f3 Nb6 13.Nc4 Nxc4 14.Bxc4 Bxc3 15.bxc3 Nd7
16.Rd2 f6 17.Rhd1 Ke7 18.Bf2 a5 19.h4 Rb8 20.h5 b6 21.Bb5 Nf8 22.Rd8 Ng6
23.R1d7+ Bxd7 24.Rxd7+ Ke6 25.hxg6 c6 26.Bxc6 Rhc8 27.Bb5 Rxc3 28.Kb2 Rbc8
29.Rd2 R3c7 30.Bxb6 Rb7 31.Bxa5 Rc5 32.Bb4  1-0

[Event "35th Taminco Open"]
[Site "Ghent BEL"]
[Date "2012.07.14"]
[Round "2.19"]
[White "De Reymaeker,W"]
[Black "Ponnet,H"]
[Result "0-1"]
[WhiteElo "1977"]
[BlackElo "2206"]

1.e4 d6 2.d4 Nf6 3.Nc3 c6 4.f4 Qa5 5.e5 Ne4 6.Qf3 Nxc3 7.bxc3 Bf5 8.Bd2 Bxc2
9.Bd3 Bxd3 10.Qxd3 e6 11.Nf3 Qa6 12.Ke2 d5 13.Rhb1 b6 14.Qxa6 Nxa6 15.a4 Be7
16.g4 h5 17.g5 g6 18.Rg1 Nc7 19.Rgb1 Kd7 20.Kd3 Rhb8 21.Bc1 a5 22.Ba3 b5
23.Bxe7 Kxe7 24.Nd2 b4 25.cxb4 Rxb4 26.Rxb4 axb4 27.Nb3 Na6 28.a5 Kd7 29.h4 Kc7
30.Ra4 Rb8 31.Ra1 Rb5 32.Rc1 Kb7 33.Rc2 Nb8 34.Ra2 Ka7 35.Ra1 c5 36.dxc5 Ka6
37.Ra2 Nc6 38.Ra4 Rb7 39.Ra1 Kb5 40.Rc1 Ra7 41.Ra1 Nxa5 42.c6 Nxc6 43.Nd4+ Kb6
44.Rxa7 Nxa7 45.f5 exf5 46.e6 fxe6 47.Nxe6 Nc6 48.Nf4 Ne7 49.Kd4 Kc6 50.Nd3 Kd6
51.Ke3 b3 52.Kd4 f4 53.Kc3 Ke6 54.Nxf4+ Kf5 55.Ng2 Kg4 56.Kxb3 Kg3  0-1

[Event "87th ch-Paris IdF Open"]
[Site "Paris FRA"]
[Date "2012.07.14"]
[Round "8.12"]
[White "Roser,K"]
[Black "Bissieres,M"]
[Result "1-0"]
[WhiteElo "2423"]
[BlackElo "2346"]

1.e4 d6 2.d4 Nf6 3.Nc3 e5 4.Nf3 Nbd7 5.Bc4 Be7 6.O-O O-O 7.Re1 c6 8.a4 b6
9.Bg5 a6 10.d5 cxd5 11.Bxd5 Nxd5 12.Qxd5 Rb8 13.Bxe7 Qxe7 14.Rad1 Re8 15.Qxd6 Qxd6
16.Rxd6 f6 17.Nd2 Nc5 18.b4 Ne6 19.Nb3 Kf7 20.Nd5 b5 21.axb5 axb5 22.Ra1 Rb7
23.Nc5 Nxc5 24.bxc5 b4 25.c6 Rb5 26.Nc7  1-0

[Event "16th Battle of Senta Open A"]
[Site "Senta SRB"]
[Date "2012.07.14"]
[Round "1.7"]
[White "Nadj Hedjesi,B"]
[Black "Vranic,L"]
[Result "1/2-1/2"]
[WhiteElo "2381"]
[BlackElo "2192"]

1.e4 d6 2.d4 Nf6 3.Nc3 Nbd7 4.Nf3 e5 5.Bc4 Be7 6.O-O O-O 7.a4 a5 8.Qe2 c6
9.Rd1 Qc7 10.h3 h6 11.dxe5 dxe5 12.Nh4 Bc5 13.Rd3 Kh7 14.Rg3 Ne8 15.Nf5 Ndf6
16.Qf3 Ng8 17.Bd2 g6 18.Ne3 Ng7 19.Qe2 Be6 20.b3 Rfd8 21.Nf1 Rd7 22.Be3 Qb6
23.Rd1 Rad8 24.Rxd7 Rxd7 25.Kh2 Qb4 26.Bxc5 Qxc5 27.Nd2 Nh5 28.Rf3 Nf4 29.Qe1 Kg7
30.g3 Bxc4 31.Nxc4 Ne6 32.Ne2 b5 33.axb5 cxb5 34.Nxa5 Qxc2 35.Re3 Rd2 36.Kg2 Nf6
37.Nc3 Nc5 38.Nb1 Rd1 39.Qc3 Qxb1 40.Qxc5 Rg1+ 41.Kf3 Qd1+ 42.Re2 Re1 43.Qc2 Qxc2
44.Rxc2 Nxe4 45.Nc6 Ng5+ 46.Kg2 e4 47.Nd4 Rb1 48.Rc3 Rb2 49.h4 b4 50.Re3 Ne6
51.Nxe6+ fxe6 52.Rxe4 Rxb3 53.Rxe6 Rb1 54.h5 g5 55.Re7+ Kf6 56.Rh7 g4 57.Rxh6+ Kg5
58.Rh8 b3 59.Rb8 Kxh5 60.f4 gxf3+ 61.Kxf3 b2 62.Kg2 Kg4  1/2-1/2